Minecraft Real or Fake - Tile Select - Statistics

General Stats
  • This quiz has been taken 231 times
    218 since last reset
  • The average score is 38 of 45
Answer Stats
Question Tile Select % Correct
real Minecraft ores Khadiore No
95%
real Minecraft ores Copper Yes
94%
real Minecraft mobs Deer No
94%
real Minecraft mobs Duck No
94%
real Minecraft ores Emerald Yes
94%
real Minecraft ores Lapis Lazuli Yes
94%
real Minecraft biomes Maple Forest No
94%
real Minecraft ores Nickel No
94%
real Minecraft mobs Owl No
94%
real Minecraft mobs Parrot Yes
94%
real Minecraft ores Pyrite No
94%
real Minecraft mobs Bee Yes
93%
real Minecraft foods Cheese Block No
93%
real Minecraft mobs Frog Yes
93%
real Minecraft mobs Pufferfish Yes
93%
real Minecraft foods Syrup No
93%
real Minecraft foods Baked Potato Yes
92%
real Minecraft foods Tomato Soup No
92%
real Minecraft mobs Turtle Yes
92%
real Minecraft biomes Dark Forest Yes
91%
real Minecraft foods Golden Steak No
91%
real Minecraft foods Melon Slice Yes
91%
real Minecraft foods Mushroom Stew Yes
91%
real Minecraft ores Nether Coals No
91%
real Minecraft ores Silver No
91%
real Minecraft Villager professions Librarian Yes
90%
real Minecraft ores Ancient Debris Yes
88%
real Minecraft Villager professions Chef No
88%
real Minecraft mobs Goat Yes
88%
real Minecraft biomes Warm Ocean Yes
88%
real Minecraft foods Cooked Tuna No
86%
real Minecraft biomes Dead Forest No
86%
real Minecraft biomes Bog No
85%
real Minecraft biomes Oasis No
85%
real Minecraft Villager professions Lumberjack No
82%
real Minecraft Villager professions Enchanter No
81%
real Minecraft Villager professions Leatherworker Yes
79%
real Minecraft Villager professions Butcher Yes
78%
real Minecraft biomes Beach Yes
76%
real Minecraft Villager professions Mason Yes
76%
real Minecraft biomes Meadow Yes
71%
real Minecraft Villager professions Stonecrafter No
62%
real Minecraft Villager professions Shepherd Yes
53%
real Minecraft biomes Grove Yes
41%
real Minecraft foods Pumpkin Pie Yes
41%
No matching quizzes found
Score Distribution
Percent of People with Each Score
Percentile by Number Answered
Your Score History
You have not taken this quiz since the last reset